Fejlődik-e a homo sapiens?
Elmentve itt :
| Szerző: | |
|---|---|
| Adatforrás: | Philobibl |
| Forrásdokumentuma: | Korunk, 1965/2 162-169. p. |
| Dokumentumtípus: | Cikk |
| Nyelv: | magyar |
| Kulcsszavak: | társadalomfilozófia |
| LEADER | 00312nab a2200109 c 4500 | ||
|---|---|---|---|
| 001 | bibDOK00015355 | ||
| 005 | 20200924121015.7 | ||
| 008 | 060518s1965 xx hun | ||
| 100 | 1 | |a Sahleanu, Victor | |
| 245 | 1 | 0 | |a Fejlődik-e a homo sapiens? |c Sahleanu, Victor |
| 695 | |a társadalomfilozófia | ||
| 773 | 0 | |t Korunk, 1965/2 |g 162-169. p. | |